[Event "Arthur Dake Int+"]
[Site "San Francisco"]
[Date "1999.07.11"]
[Round "1"]
[White "Vucic, Mladen"]
[Black "Chetan, KN."]
[Result "0-1"]
[WhiteElo "2367"]
[BlackElo "2215"]

1.d4 d5 2.c4 c6 3.Nf3 Nf6 4.e3 e6 5.Nc3 Nbd7 6.Qc2 a6 7.a3 dxc4 8.Bxc4 b5
9.Ba2 Bb7 10.e4 c5 11.Bg5 cxd4 12.Nxd4 Qb6 13.Nde2 Bc5 14.O-O Rc8 15.Ng3 h6
16.Bf4 g5 17.Bd2 Ng4 18.Be1 h5 19.h3 Qc7 20.hxg4 Qxg3 21.Ne2 Qh4 22.Qxc5 hxg4
23.Qxc8+ Bxc8 24.f3 Qh2+ 25.Kf2 gxf3 26.Kxf3 Ne5+ 27.Kf2 Rh3 28.Rg1 Rf3+  0-1

[Event "Bydgoszcz Bank Pocztowy op"]
[Site "Bydgoszcz"]
[Date "1999.07.13"]
[Round "2"]
[White "Malaniuk, Vladimir P"]
[Black "Czerwonski, Aleksander"]
[Result "1-0"]
[WhiteElo "2525"]
[BlackElo "2426"]

1.d4 d5 2.c4 e6 3.Nc3 c6 4.e3 Nf6 5.Nf3 Nbd7 6.Qc2 Bd6 7.b3 O-O 8.Bb2 b6
9.Bd3 Bb7 10.O-O Qe7 11.cxd5 exd5 12.Rfe1 c5 13.e4 dxe4 14.Nxe4 Nxe4 15.Bxe4 Bxe4
16.Rxe4 Qd8 17.dxc5 Bxc5 18.b4 Be7 19.Rd1 Rc8 20.Qe2 Re8 21.Ne5 Rc7 22.b5 Bf8
23.Nxf7 Rxe4 24.Qxe4 Kxf7 25.Qd5+ Ke8 26.Re1+ Be7 27.Qg8+ Nf8 28.Bxg7 Kd7
29.Rd1+ Bd6 30.Bxf8 Qf6 31.Bxd6  1-0

[Event "Politiken Cup"]
[Site "Copenhagen"]
[Date "1999.07.13"]
[Round "10"]
[White "Mah, Karl"]
[Black "Brinck Claussen, Bjorn"]
[Result "1-0"]
[WhiteElo "2316"]
[BlackElo "2354"]

1.d4 d5 2.c4 c6 3.Nf3 Nf6 4.Nc3 e6 5.e3 Nbd7 6.Qc2 Bd6 7.b3 O-O 8.Be2 Qe7
9.O-O dxc4 10.bxc4 e5 11.Rd1 Re8 12.a4 e4 13.Nd2 Nf8 14.Qa2 Ng4 15.g3 Qg5
16.Ndxe4 Qh5 17.h4 Bb4 18.Qc2 f5 19.Ng5 f4 20.c5 fxg3 21.fxg3 Bxc3 22.Qxc3 Ne6
23.Nh3 Nc7 24.Nf4 Qh6 25.Bc4+ Kh8 26.e4 Rxe4 27.Ne6 Ne3 28.Ng5  1-0

[Event "Politiken Cup"]
[Site "Copenhagen"]
[Date "1999.07.14"]
[Round "11"]
[White "Hedman, Erik"]
[Black "Sylvan, Jacob"]
[Result "1-0"]
[WhiteElo "2348"]
[BlackElo "2271"]

1.d4 d5 2.c4 e6 3.Nc3 c6 4.e3 Nf6 5.Nf3 Nbd7 6.Bd3 dxc4 7.Bxc4 b5 8.Be2 Bb7
9.O-O a6 10.e4 c5 11.e5 Nd5 12.a4 b4 13.Ne4 h6 14.Nfd2 cxd4 15.Nc4 Bc6 16.Qxd4 Be7
17.Ncd6+ Bxd6 18.Nxd6+ Ke7 19.Bd2 Qb6 20.Qxb6 N7xb6 21.a5 Nc8 22.Rfc1 Bd7
23.Ne4 Na7 24.Bxa6 Nc6 25.Bb7 Rxa5 26.Rxa5 Nxa5 27.Bxd5  1-0

[Event "Arthur Dake Int"]
[Site "San Francisco"]
[Date "1999.07.14"]
[Round "4"]
[White "Kraai, Jesse"]
[Black "Chetan, KN."]
[Result "1-0"]
[WhiteElo "2412"]
[BlackElo "2215"]

1.d4 Nf6 2.c4 c6 3.Nc3 d5 4.e3 e6 5.Nf3 Nbd7 6.Bd3 dxc4 7.Bxc4 b5 8.Bd3 a6
9.e4 c5 10.d5 c4 11.Bc2 b4 12.Na4 Qc7 13.O-O Bb7 14.Qe2 Rc8 15.Bg5 Bd6 16.Bxf6 gxf6
17.dxe6 fxe6 18.Rad1 Ke7 19.h3 Rhg8 20.Rd4 Bf4 21.Rfd1 Nf8 22.b3 cxb3 23.Bxb3 Qa5
24.Ne1 Qg5 25.Rxb4 Bc6 26.Qxa6 Ng6 27.Nf3 Qh5 28.Rb7+ Kf8 29.Rxh7 Qxh7 30.Qxc8+ Be8
31.Qxe6 Ne5 32.Qxg8+ Qxg8 33.Bxg8 Bxa4 34.Bb3  1-0

[Event "Bydgoszcz Bank Pocztowy op"]
[Site "Bydgoszcz"]
[Date "1999.07.15"]
[Round "4"]
[White "Kastanieda, Georgiy"]
[Black "Grabarczyk, Miroslaw"]
[Result "0-1"]
[WhiteElo "2415"]
[BlackElo "2484"]

1.d4 d5 2.Nf3 c6 3.c4 Nf6 4.Nc3 e6 5.e3 Nbd7 6.Qc2 b6 7.Be2 Bb7 8.O-O Be7
9.b3 Qc7 10.Bb2 O-O 11.Rad1 Rad8 12.a3 c5 13.cxd5 Nxd5 14.Nxd5 Bxd5 15.e4 Bb7
16.d5 exd5 17.exd5 Bf6 18.Bc4 Bxb2 19.d6 Qb8 20.Ng5 Nf6 21.Qxb2 Rxd6 22.Qe2 Rxd1
23.Rxd1 Qc7 24.Nxf7 Rxf7 25.Qe6 Bc6 26.b4 Be8 27.Qe3 cxb4 28.Bxf7+ Kxf7 29.axb4 Bb5
30.Rc1 Qd6 31.Qb3+ Kf8 32.Qc3 h6 33.Qc8+ Kf7 34.Qc3 Kg8 35.Qc8+ Kf7 36.Qc3 Qe6
37.Qc7+ Kg8 38.Qc3 Nd5 39.Qd4 Bc6 40.Qc4 Bb7 41.Rd1 Kh8 42.Qd4 Kh7 43.g3 Qf5
44.Qd2 Nxb4  0-1

[Event "SCO-ch"]
[Site "Edinburgh"]
[Date "1999.07.18"]
[Round "3"]
[White "Berry, Neil"]
[Black "Bryson, Douglas M"]
[Result "1-0"]
[WhiteElo "2200"]
[BlackElo "2365"]

1.Nf3 d5 2.d4 Nf6 3.c4 e6 4.Nc3 c6 5.e3 Nbd7 6.Bd3 dxc4 7.Bxc4 b5 8.Bd3 Bb7
9.O-O a6 10.e4 c5 11.d5 Qc7 12.dxe6 fxe6 13.Ng5 Qc6 14.f4 c4 15.Bc2 Nc5 16.Qe2 Nd3
17.f5 exf5 18.exf5+ Be7 19.Ne6 Kf7 20.Ng5+ Kg8 21.Qe6+ Qxe6 22.Nxe6 Nb4 23.Bd1 h6
24.a4 Kf7 25.axb5 axb5 26.Rxa8 Rxa8 27.Nxb5 Nd3 28.Be2 Ra1 29.Be3 Ra2 30.Bd4 Be4
31.Bxd3 Bxd3 32.Re1 Bxf5 33.Nxg7 Bd7 34.Nc7 Ra5 35.Nge6 Kg6 36.Nf4+ Kf7 37.Rf1 Bf5
38.Nfd5 Bd3 39.Rxf6+ Bxf6 40.Nxf6 Ra1+ 41.Kf2 Rf1+ 42.Kg3 Kg6 43.Ncd5 Kf7
44.Nf4 Rd1 45.Bc3 Bf5 46.Ng4 Bd3 47.Nxh6+ Ke7 48.Ng4  1-0

[Event "S&W Young Masters 9th"]
[Site "Witley"]
[Date "1999.07.18"]
[Round "2"]
[White "Vallin, Guillaume"]
[Black "Haslinger, Stewart"]
[Result "1/2-1/2"]
[WhiteElo "2378"]
[BlackElo "2267"]

1.d4 d5 2.c4 e6 3.Nc3 c6 4.e3 Nf6 5.Nf3 Nbd7 6.Bd3 dxc4 7.Bxc4 b5 8.Bd3 a6
9.e4 c5 10.e5 cxd4 11.Nxb5 Nxe5 12.Nxe5 axb5 13.Bxb5+ Bd7 14.Nxd7 Qa5+ 15.Bd2 Qxb5
16.Nxf8 Kxf8 17.b3 Ke7 18.a4 Qd5 19.O-O Rhc8 20.Rc1 Kf8 21.Bb4+ Kg8 22.Qd3 Rab8
23.f3 Nd7 24.Rxc8+ Rxc8 25.Rd1 e5 26.Ba3 Nb6 27.Rc1 Rxc1+ 28.Bxc1 f5 29.Bb2 Nd7
30.f4 Nc5 31.Qb5 Kf7 32.b4 d3 33.Bc3 Qb3 34.Qxc5  1/2-1/2

[Event "S&W Young Masters 9th"]
[Site "Witley"]
[Date "1999.07.18"]
[Round "2"]
[White "Bekker Jensen, David"]
[Black "Mah, Karl"]
[Result "0-1"]
[WhiteElo "2264"]
[BlackElo "2316"]

1.d4 d5 2.c4 c6 3.Nc3 e6 4.e3 Nf6 5.Nf3 Nbd7 6.Qc2 Bd6 7.Bd3 O-O 8.O-O dxc4
9.Bxc4 b5 10.Be2 Bb7 11.Rd1 Qb8 12.b3 e5 13.Ne4 Nxe4 14.Qxe4 f5 15.Qh4 e4
16.Ng5 h6 17.Ne6 Rf6 18.d5 cxd5 19.Bxb5 Ne5 20.Nd4 a6 21.Be2 f4 22.exf4 Ng6
23.Qg4 Nxf4 24.Bxf4 Rxf4 25.Qe6+ Kh7 26.Rac1 Rf6 27.Qh3 Qa7 28.Qd7 Raf8 29.Ne6 R8f7
30.Qxd6 Qxf2+ 31.Kh1 Qxe2 32.h3 Bc8 33.Rxc8 Qxd1+ 34.Kh2 Rf1 35.Nf8+ Rxf8
36.Rxf8 Rh1+ 37.Kg3 Qe1+ 38.Kg4 Qe2+ 39.Kh4 Qxg2  0-1

[Event "Komercni Banka op"]
[Site "Pardubice"]
[Date "1999.07.19"]
[Round "4"]
[White "Dolinskij, Boris"]
[Black "Evseev, Denis"]
[Result "0-1"]
[WhiteElo "2359"]
[BlackElo "2539"]

1.d4 d5 2.c4 c6 3.Nf3 Nf6 4.Nc3 e6 5.e3 Nbd7 6.Qc2 Bd6 7.b3 O-O 8.Be2 dxc4
9.bxc4 e5 10.O-O Re8 11.a4 exd4 12.exd4 Nf8 13.Bg5 Ng6 14.Bd3 Bg4 15.Nd2 Bf4
16.Bxf4 Nxf4 17.Nb3 Bh5 18.Rfe1 Bg6 19.Bxg6 hxg6 20.Qd2 Qd6 21.g3 Qb4 22.Nc5 b6
23.Qxf4 Rxe1+ 24.Rxe1 Qxc3 25.Rc1 Qa3 26.Na6 Re8 27.d5 cxd5 28.cxd5 Nxd5
29.Qc4 Nf6 30.Rd1 Qf3 31.Rf1 Ne4 32.Qc6 Rd8 33.Qc7 Rd5 34.Nb4 Rf5 35.Qc2 Ng5
36.Rd1 Nh3+ 37.Kf1 Qh1+ 38.Ke2 Rxf2+  0-1

[Event "SCO-ch"]
[Site "Edinburgh"]
[Date "1999.07.20"]
[Round "5"]
[White "Morrison, Graham"]
[Black "Bryson, Douglas M"]
[Result "0-1"]
[WhiteElo "2325"]
[BlackElo "2365"]

1.c4 e6 2.Nf3 d5 3.d4 Nf6 4.Nc3 c6 5.e3 Nbd7 6.Bd3 dxc4 7.Bxc4 b5 8.Bd3 Bb7
9.a3 a6 10.b4 a5 11.Rb1 axb4 12.axb4 Nd5 13.Nxd5 exd5 14.Qc2 Nf6 15.Ne5 Rc8
16.O-O Bd6 17.f4 Qe7 18.Bd2 O-O 19.Rf3 Rc7 20.g4 Bc8 21.g5 Ne4 22.Bxe4 dxe4
23.Rg3 Bf5 24.Bc3 Ra8 25.h4 Qe6 26.h5 Kf8 27.h6 f6 28.hxg7+ Rxg7 29.Nxc6 Bxf4
30.exf4 Qxc6 31.d5 Qxd5 32.Bxf6 Rd7 33.Re3 Kf7 34.Qb3 Ra2 35.Qxd5+ Rxd5 36.Rb2 Rd1+
37.Kf2 Raa1 38.Rc2 Rf1+ 39.Kg3 Rg1+ 40.Rg2 Rxg2+ 41.Kxg2 Rb1 42.Bc3 Ke6 43.Kf2 Bg6
44.Re1 Rb3 45.Re3 Kf5 46.Kg3 Bf7 47.Bd2 Rb2 48.Bc3 Rb1 49.Bd2 Rg1+ 50.Kf2 Rd1
51.Bc3 Kxf4 52.Bf6 Bc4  0-1

[Event "GM Event"]
[Site "Biel"]
[Date "1999.07.21"]
[Round "3"]
[White "Piket, Jeroen"]
[Black "Pelletier, Yannick"]
[Result "1/2-1/2"]
[WhiteElo "2635"]
[BlackElo "2479"]

1.d4 d5 2.c4 c6 3.Nc3 Nf6 4.e3 e6 5.Nf3 Nbd7 6.Qc2 Bd6 7.Be2 O-O 8.O-O dxc4
9.Bxc4 b5 10.Be2 Bb7 11.Rd1 Qb8 12.a3 Rc8 13.Qd3 a5 14.e4 b4 15.axb4 axb4
16.Rxa8 Bxa8 17.e5 bxc3 18.bxc3 Be7  1/2-1/2

[Event "Bydgoszcz Bank Pocztowy op"]
[Site "Bydgoszcz"]
[Date "1999.07.21"]
[Round "10"]
[White "Solodovnichenko, Yuri"]
[Black "Kuzmin, Gennadi P"]
[Result "0-1"]
[WhiteElo "2436"]
[BlackElo "2518"]

1.d4 Nf6 2.c4 c6 3.Nc3 d5 4.Nf3 e6 5.e3 Nbd7 6.Qc2 Bd6 7.Bd2 O-O 8.Ng5 Re8
9.O-O-O h6 10.Nf3 a6 11.e4 e5 12.exd5 cxd5 13.Be3 e4 14.Nd2 Nf8 15.c5 Bc7
16.h3 Ne6 17.Nb3 Nh5 18.g3 g5 19.h4 Nhg7 20.Nxd5 Qxd5 21.Bc4 Qf5 22.d5 Be5
23.dxe6 Bxe6 24.hxg5 hxg5 25.Nd4 Qg6 26.Rh2 Bxc4 27.Qxc4 Rad8 28.Rdh1 Nf5
29.Nxf5 Qxf5 30.Rh5 Bf6 31.f4 exf3 32.Bd2 Rxd2 33.g4 Qd7  0-1

[Event "Biel MTO"]
[Site "Biel"]
[Date "1999.07.22"]
[Round "3"]
[White "Bozinovic, Bogdan"]
[Black "Grischuk, Alexander"]
[Result "1/2-1/2"]
[WhiteElo "2288"]
[BlackElo "2549"]

1.d4 d5 2.c4 e6 3.Nc3 c6 4.e3 Nf6 5.Nf3 Nbd7 6.Qc2 Bd6 7.Be2 O-O 8.O-O dxc4
9.Bxc4 Qe7 10.e4 e5 11.h3 exd4 12.Nxd4 Ne5 13.Be2 Ng6 14.f4 Re8 15.Nf5 Bc5+
16.Kh2 Bxf5 17.exf5 Nf8 18.Bf3 Rad8 19.Bd2 Be3 20.Bxe3 Qxe3 21.Kh1 Rd2 22.Qb3 Qb6
23.Qxb6 axb6 24.b4 Re3 25.Rac1 b5 26.a4 bxa4 27.Nxa4 Rd4 28.Rb1 Rxf4 29.Nc5 b6
30.Na6 Rc3 31.Rfc1 Rfc4 32.Rxc3 Rxc3 33.Nb8 c5 34.bxc5 bxc5 35.Rb6 Rc1+ 36.Kh2 c4
37.Rc6 h5 38.Rc8 g5 39.fxg6 fxg6 40.Nc6 Nd7 41.Nd4 Kg7 42.Ne2 Rc2 43.Nd4 Rd2
44.Rxc4 Ne5 45.Rb4 Nfd7 46.Ba8  1/2-1/2

[Event "GM Event"]
[Site "Biel"]
[Date "1999.07.23"]
[Round "5"]
[White "Avrukh, Boris"]
[Black "Piket, Jeroen"]
[Result "0-1"]
[WhiteElo "2588"]
[BlackElo "2635"]

1.d4 d5 2.c4 c6 3.Nc3 Nf6 4.e3 e6 5.Nf3 Nbd7 6.Qc2 Bd6 7.b3 O-O 8.Bb2 b6
9.Bd3 Bb7 10.O-O Rc8 11.Rad1 Qc7 12.e4 dxc4 13.Bxc4 e5 14.Ne2 c5 15.dxe5 Nxe5
16.Nxe5 Bxe5 17.Bxe5 Qxe5 18.f3 Rfd8 19.Rd3 g6 20.Rfd1 Rxd3 21.Qxd3 Kg7 22.Qc3 Qxc3
23.Nxc3 Bc6 24.Nb5 Bxb5 25.Bxb5 Rc7 26.Rd8 g5 27.Kf2 Re7 28.Ke3 Nh5 29.g3 Nf6
30.g4 h5 31.h4 gxh4 32.g5 Nh7 33.f4 h3 34.Bc4 h2 35.Rd1 f6 36.g6 Kxg6 37.Rh1 f5
38.Rxh2 Nf6 39.Rd2 Rxe4+ 40.Kf3 Rd4 41.Rg2+ Kh6 42.Bf7 Ng4 43.Kg3 h4+ 44.Kxh4 Rxf4
45.Kg3 Kg5 46.Re2 Re4 47.Rd2 f4+ 48.Kg2 Rd4  0-1

[Event "GM Event"]
[Site "Biel"]
[Date "1999.07.25"]
[Round "7"]
[White "Avrukh, Boris"]
[Black "Pelletier, Yannick"]
[Result "1-0"]
[WhiteElo "2588"]
[BlackElo "2479"]

1.d4 d5 2.c4 c6 3.Nc3 Nf6 4.e3 e6 5.Nf3 Nbd7 6.Qc2 b6 7.Bd3 Bb7 8.O-O Be7
9.b3 Qc7 10.Bb2 Rd8 11.Rad1 h6 12.Qe2 O-O 13.Bb1 c5 14.cxd5 Nxd5 15.Nxd5 Bxd5
16.e4 Bb7 17.d5 exd5 18.exd5 Rfe8 19.Qe4 Nf8 20.Qg4 Ng6 21.Bxg6 fxg6 22.Qxg6 Bf8
23.d6 Qf7 24.Qxf7+ Kxf7 25.Ne5+ Kg8 26.d7 Re6 27.f4 Bd6 28.Rfe1 Bxe5 29.Rxe5 Rxe5
30.Bxe5 Bc6 31.Bb8 Rxd7 32.Rxd7 Bxd7 33.Bxa7 b5 34.Bxc5 Bf5 35.Kf2 Kf7 36.Ke3 h5
37.Kd4 g6 38.Bd6 Ke8 39.Kc5 Bd7 40.g3 Kd8 41.Kb6 Kc8 42.Be5 Be8 43.h3 Bd7
44.g4 hxg4 45.hxg4 Kd8 46.Bf6+ Kc8 47.Be7 Kb8 48.Bd6+ Kc8 49.Kc5 Kd8 50.b4 Kc8
51.a3 Kd8 52.Kb6 Kc8 53.Ka6 Kd8 54.g5 Be8 55.a4 bxa4 56.b5 Kc8 57.b6 Bc6
58.Ka7  1-0

[Event "Carlos Falcon mem Blitz"]
[Site "Barcelona"]
[Date "1999.07.26"]
[Round "2"]
[White "Karpov, Anatoly"]
[Black "Illescas Cordoba, Miguel"]
[Result "1-0"]
[WhiteElo "2700"]
[BlackElo "2600"]

1.d4 d5 2.c4 c6 3.Nc3 Nf6 4.e3 e6 5.Nf3 Nbd7 6.Qc2 Bd6 7.Bd3 O-O 8.O-O dxc4
9.Bxc4 a6 10.Rd1 b5 11.Be2 Qc7 12.Ne4 Nxe4 13.Qxe4 Be7 14.Bd2 Bb7 15.Rac1 c5
16.Qb1 Qb6 17.dxc5 Nxc5 18.Bc3 Be4 19.Qa1 Rac8 20.Bd4 b4 21.Ne5 Rfd8 22.f3 Bd5
23.b3 f6 24.Nc4 Bxc4 25.Bxc4 Kh8 26.e4 a5 27.Bf2 Rxd1+ 28.Rxd1 Rd8 29.g3 Rxd1+
30.Qxd1 Qd6 31.Qe2 Qe5 32.Kg2 g6 33.Be3 Qc3 34.Qd2 Qxd2+ 35.Bxd2 Kg7 36.Be3 e5
37.Kf2 f5 38.exf5 gxf5 39.Ke2 a4 40.Bxc5 Bxc5 41.bxa4 e4 42.fxe4 fxe4 43.Bd5 e3
44.a5 Kf6 45.Bf3 Ke5 46.Kd3 h6 47.h4 Kd6 48.Ke4 Ke6 49.a6 Ba7 50.g4 Bb6 51.Be2 Ba7
52.Bc4+ Kd6 53.Kf5 Kc5 54.Bf1 Kd4 55.g5 hxg5  1-0

[Event "Korinthos op 3rd"]
[Site "Korinthos"]
[Date "1999.07.29"]
[Round "6"]
[White "Halkias, Stelios"]
[Black "Gelashvili, Tamaz"]
[Result "0-1"]
[WhiteElo "2406"]
[BlackElo "2531"]

1.d4 Nf6 2.c4 e6 3.Nf3 d5 4.Nc3 c6 5.e3 Nbd7 6.Qc2 Bd6 7.Bd3 O-O 8.O-O dxc4
9.Bxc4 b5 10.Be2 Bb7 11.a3 a6 12.e4 e5 13.Bg5 h6 14.Bh4 c5 15.dxe5 Nxe5 16.Rad1 Qe7
17.Rfe1 Rfe8 18.Bg3 Bc7 19.Nh4 c4 20.h3 Qc5 21.Nf5 Rad8 22.Bh4 Rxd1 23.Rxd1 Ned7
24.Bf3 Be5 25.Nd5 Bxd5 26.exd5 a5 27.Qd2 b4 28.axb4 axb4 29.d6 c3 30.bxc3 bxc3
31.Qc2 Kh8 32.Rc1 Bf4 33.Rd1 g6 34.Ne7 g5 35.Nd5 Nxd5 36.Qf5 N5f6  0-1

[Event "Aceimar op 6th"]
[Site "Mondariz Balneario"]
[Date "1999.07.29"]
[Round "3"]
[White "Gaprindashvili, Valerian"]
[Black "Korneev, Oleg"]
[Result "0-1"]
[WhiteElo "2390"]
[BlackElo "2615"]

1.d4 d5 2.c4 e6 3.Nc3 c6 4.e3 Nf6 5.Nf3 Nbd7 6.Qc2 Bd6 7.Bd3 O-O 8.O-O dxc4
9.Bxc4 a6 10.Rd1 b5 11.Be2 Qc7 12.Ne4 Nxe4 13.Qxe4 Be7 14.Bd3 g6 15.b3 Bb7
16.Bb2 c5 17.Qg4 f5 18.Qg3 Qxg3 19.hxg3 Bf6 20.Rac1 Bxf3 21.gxf3 cxd4 22.Bxd4 Bxd4
23.exd4 Rfc8 24.a4 bxa4 25.bxa4 Nb6 26.a5 Nd5 27.Rc5 Kf7 28.Bc4 Rxc5 29.dxc5 Ke7
30.Bxd5 exd5 31.Rxd5 Rd8 32.Re5+ Kd7 33.g4 f4 34.Kf1 Kc6 35.Ke2 Rd4 36.Re6+ Kb5
37.c6 Kxa5 38.Re7 Kb6 39.Rxh7 Kxc6 40.Ra7 Kb5 41.Rg7 Rd6 42.Rf7 a5 43.Rxf4 a4
44.Rf8 a3 45.Ra8 Ra6 46.Rb8+ Kc4 47.Rc8+ Kd4 48.Rd8+ Ke5 49.f4+ Kxf4 50.Rd4+ Kg5
51.Rd1 a2 52.Ra1 Kxg4 53.Ke3 Kf5 54.Kf3 Ra3+  0-1

[Event "Aceimar op 6th"]
[Site "Mondariz Balneario"]
[Date "1999.07.29"]
[Round "3"]
[White "Lopez Martinez, Jose Manuel"]
[Black "Vallejo Pons, Francisco"]
[Result "1/2-1/2"]
[WhiteElo "2378"]
[BlackElo "2519"]

1.d4 d5 2.c4 c6 3.Nc3 Nf6 4.e3 e6 5.Nf3 Nbd7 6.Qc2 Bd6 7.Bd3 O-O 8.O-O dxc4
9.Bxc4 a6 10.Bd3 Qc7 11.e4 e5 12.dxe5 Nxe5 13.Nxe5 Bxe5 14.f4 Bd4+ 15.Kh1 Ng4
16.e5 Qd8 17.g3 h5  1/2-1/2

[Event "Lost Boys op"]
[Site "Antwerp"]
[Date "1999.08.03"]
[Round "5"]
[White "Avrukh, Boris"]
[Black "Savchenko, Stanislav"]
[Result "1/2-1/2"]
[WhiteElo "2588"]
[BlackElo "2583"]

1.d4 d5 2.c4 c6 3.Nc3 Nf6 4.e3 e6 5.Nf3 Nbd7 6.Qc2 Bd6 7.b3 O-O 8.Bb2 e5
9.dxe5 Nxe5 10.O-O-O Qe7 11.cxd5 Nxd5 12.Nxd5 cxd5 13.Nxe5 Bxe5 14.Rxd5 Bxb2+
15.Kxb2 Qf6+ 16.Kb1 Be6 17.Rd4 Rac8 18.Qd2 Qg6+ 19.Qd3 Qf6 20.Qd2 Qg6+ 21.Qd3 Qf6  1/2-1/2

[Event "BCF-ch 86th"]
[Site "Scarborough"]
[Date "1999.08.03"]
[Round "3"]
[White "Sashikiran, Krishnan"]
[Black "Farndon, David Alexander"]
[Result "0-1"]
[WhiteElo "2536"]
[BlackElo "2238"]

1.d4 d5 2.c4 c6 3.Nc3 Nf6 4.e3 e6 5.Nf3 Nbd7 6.Bd3 Bd6 7.O-O O-O 8.e4 dxc4
9.Bxc4 e5 10.Bg5 Qe7 11.Re1 Re8 12.d5 Nb6 13.Bb3 Bg4 14.h3 Bh5 15.dxc6 bxc6
16.g4 Bg6 17.Nh4 Bc5 18.Qf3 Bd4 19.Nf5 Bxf5 20.gxf5 h6 21.Bd2 Red8 22.Kh1 Nbd7
23.Rg1 Kh7 24.Rg3 Nc5 25.Rag1 Rg8 26.Bc2 a5 27.Nd1 Qd7 28.Bc1 Rab8 29.b3 Qe8
30.Ne3 Ncd7 31.h4 g6 32.Nc4 Nh5 33.R3g2 Qe7 34.Nxa5 Rbc8 35.Nc4 Qxh4+ 36.Rh2 Qf6
37.Ne3 Bxe3 38.Bxe3 Ra8 39.a4 Nf4 40.Bxf4 exf4 41.fxg6+ fxg6 42.Qh3 Qg7 43.Rxg6 Qa1+  0-1

[Event "BCF-ch 86th"]
[Site "Scarborough"]
[Date "1999.08.03"]
[Round "3"]
[White "Broomfield, Matthew"]
[Black "Haslinger, Stewart"]
[Result "1/2-1/2"]
[WhiteElo "2164"]
[BlackElo "2267"]

1.d4 d5 2.c4 e6 3.Nc3 c6 4.e3 Nf6 5.Nf3 Nbd7 6.Qc2 Bd6 7.g4 Nxg4 8.Rg1 Qf6
9.Rxg4 Qxf3 10.Rxg7 Nf8 11.Rg2 Ng6 12.Bd2 Nh4 13.Rg1 Bxh2 14.Be2 Qf5 15.e4 Nf3+
16.Bxf3 Qxf3 17.Rf1 e5 18.exd5 Bh3 19.Qe4 Qxe4+ 20.Nxe4 Bxf1 21.Kxf1 cxd5
22.Nf6+ Kd8 23.Nxd5 Rg8 24.Ke2 exd4 25.Rh1 Be5 26.Rxh7 Bg7 27.Bg5+ Kd7 28.Bf6 Bxf6
29.Nxf6+ Ke6 30.Nxg8 Rxg8  1/2-1/2

[Event "Chania op 9th"]
[Site "Chania"]
[Date "1999.08.04"]
[Round "2"]
[White "Banikas, Hristos"]
[Black "Koumanis, Stamatis"]
[Result "1-0"]
[WhiteElo "2507"]
[BlackElo "2185"]

1.d4 d5 2.c4 c6 3.Nf3 Nf6 4.Nc3 e6 5.e3 Bd6 6.Bd3 Nbd7 7.O-O O-O 8.e4 dxe4
9.Nxe4 Nxe4 10.Bxe4 Nf6 11.Bc2 h6 12.c5 Bc7 13.Be3 Qd5 14.Qd2 Qh5 15.Bf4 Bxf4
16.Qxf4 Nd5 17.Qg3 b6 18.Rfe1 bxc5 19.Re4 Ne7 20.Rh4 Qd5 21.Rxh6 Nf5 22.Bxf5 Qxf5
23.dxc5 Qxc5 24.Ng5 Ba6 25.Rh8+  1-0

[Event "MK Cafe Cup-B"]
[Site "Koszalin"]
[Date "1999.08.04"]
[Round "2"]
[White "Michalski, Olaf"]
[Black "Galkin, Alexander"]
[Result "0-1"]
[WhiteElo "2331"]
[BlackElo "2535"]

1.d4 d5 2.c4 e6 3.Nc3 c6 4.e3 Nf6 5.Nf3 Nbd7 6.Bd3 b6 7.O-O Bb7 8.Qe2 Be7
9.b3 Qc7 10.Bb2 O-O 11.Rac1 Rad8 12.Ne5 dxc4 13.Nxc4 c5 14.f3 Qb8 15.Rfd1 cxd4
16.exd4 Nh5 17.Be4 Ndf6 18.Bxb7 Qxb7 19.g3 Nd5 20.Nxd5 Rxd5 21.Ne5 Nf6 22.Qc4 Bd6
23.a4 Bxe5 24.dxe5 Rxd1+ 25.Rxd1 Qxf3 26.Rd3 Qe2 27.exf6 Qxb2 28.fxg7 Qxg7
29.Qc7 Qg6 30.Qc4 Qf6 31.Qc7 Qf5 32.Rc3 e5 33.Rc4 Re8 34.b4 e4 35.Qf4 Qxf4
36.gxf4 Re7 37.b5 f5 38.Kf2 Kf7 39.Rc6 Rd7 40.Rh6 Kg7 41.Re6 Rd2+ 42.Ke3 Rxh2
43.Re7+ Kg6 44.Rxa7 Rh3+ 45.Ke2 Ra3 46.Rb7 Kh5 47.Rxb6 Kg4 48.Rh6 Kxf4 49.Rxh7 Rxa4
50.b6 Rb4 51.b7 Rb2+ 52.Ke1 Ke3 53.Rh3+ Kd4 54.Rh7 f4 55.Kd1 f3 56.Rf7 Ke3
57.Kc1 Rb5  0-1

[Event "BCF-ch 86th"]
[Site "Scarborough"]
[Date "1999.08.04"]
[Round "4"]
[White "Knott, Simon JB"]
[Black "Rahman, Ziaur"]
[Result "1/2-1/2"]
[WhiteElo "2348"]
[BlackElo "2461"]

1.c4 e6 2.Nc3 d5 3.d4 c6 4.e3 Nf6 5.Nf3 Nbd7 6.Bd3 dxc4 7.Bxc4 b5 8.Bd3 a6
9.e4 c5 10.e5 cxd4 11.Nxb5 axb5 12.exf6 gxf6 13.O-O Qb6 14.Be4 Bb7 15.Bxb7 Qxb7
16.Nxd4 Rg8 17.Qf3 Qxf3 18.Nxf3 Bc5 19.Re1 Ke7 20.Be3 Rg4 21.a3 Rc4 22.Kf1 Rc8
23.b4 Bxe3 24.fxe3 e5 25.e4 Ra8 26.Nh4 Rc3 27.Nf5+ Kd8 28.Re3 Rxe3 29.Nxe3 Ra6
30.Ke2 Nf8 31.Rd1+ Kc8 32.Nf5 Kc7 33.Rd3 Ne6 34.g3 Rc6 35.h4 Rc4 36.Ke3 Rc1
37.Kd2 Ra1 38.Rc3+  1/2-1/2

[Event "Chania op 9th"]
[Site "Chania"]
[Date "1999.08.05"]
[Round "3"]
[White "Genova, Ruzka"]
[Black "Mastrovasilis, Dimitrios"]
[Result "0-1"]
[WhiteElo "2240"]
[BlackElo "2384"]

1.d4 d5 2.Nf3 c6 3.c4 e6 4.e3 Nf6 5.Nc3 Nbd7 6.Qc2 Bd6 7.Bd3 O-O 8.O-O dxc4
9.Bxc4 b5 10.Be2 Bb7 11.Rd1 Qb8 12.h3 a6 13.e4 e5 14.dxe5 Nxe5 15.Nxe5 Bxe5
16.Be3 Re8 17.Bf3 Re6 18.Ne2 c5 19.Bxc5 Bxe4 20.Bxe4 Nxe4 21.Bd4 Qb7 22.Rac1 Rae8
23.Bxe5 Rxe5 24.Nd4 h6 25.Nf3 R5e7 26.Qd3 Qb6 27.Qd4 Qg6 28.a3 Ng5 29.Nxg5 hxg5
30.Qd6 Re1+ 31.Kh2 Qxd6+  0-1

[Event "MK Cafe Cup-A"]
[Site "Koszalin"]
[Date "1999.08.05"]
[Round "3"]
[White "Kempinski, Robert"]
[Black "Novikov, Igor A"]
[Result "0-1"]
[WhiteElo "2549"]
[BlackElo "2614"]

1.d4 d5 2.c4 e6 3.Nc3 c6 4.e3 Nf6 5.Nf3 Nbd7 6.Qc2 Bd6 7.g4 Bb4 8.Bd2 Qe7
9.a3 Bxc3 10.Bxc3 b6 11.Bd3 Ba6 12.b3 Nxg4 13.Rg1 f5 14.cxd5 Bxd3 15.Qxd3 exd5
16.h3 Ngf6 17.Qxf5 O-O 18.Bb4 c5 19.Bc3 Qe4 20.Qg5 Rf7 21.Ne5 Nxe5 22.Qxe5 Re8
23.Qxe4 Nxe4 24.Bb2 Rxf2 25.O-O-O cxd4 26.Bxd4 Rc8+ 27.Kb1 Nc3+  0-1

[Event "USA-ch (junior)"]
[Site "San Francisco"]
[Date "1999.08.05"]
[Round "9"]
[White "Krush, Irina"]
[Black "Zaremba, Andre"]
[Result "1-0"]
[WhiteElo "2432"]
[BlackElo "2336"]

1.d4 d5 2.c4 c6 3.Nc3 Nf6 4.e3 e6 5.Nf3 Be7 6.Qc2 O-O 7.b3 Nbd7 8.Bd3 b6
9.O-O Bb7 10.Bb2 Rc8 11.Ne5 c5 12.Rad1 cxd4 13.exd4 g6 14.Qe2 Qc7 15.f4 Rfe8
16.cxd5 Nxe5 17.fxe5 Nxd5 18.Nxd5 Bxd5 19.Qg4 Bf8 20.Bc1 Qd7 21.h4 Bb7 22.h5 Rc7
23.Bg5 Rec8 24.Rf2 Be7 25.Bf6 Bxf6 26.Rxf6 Rc1 27.Rxc1 Rxc1+ 28.Kh2 Bxg2
29.hxg6 hxg6 30.Bxg6 Bd5 31.Bxf7+ Kf8 32.Bh5+ Ke7 33.Rf7+ Kd8 34.Qg5+ Kc8
35.Qxc1+ Qc6 36.Qxc6+ Bxc6 37.Rxa7 Bd5 38.Kg3 Kb8 39.Re7 b5 40.Bf3 Bxf3 41.Kxf3  1-0

[Event "Chania op 9th"]
[Site "Chania"]
[Date "1999.08.06"]
[Round "4"]
[White "Kiriakopoulos, Antonios"]
[Black "Kutirov, Rolando"]
[Result "0-1"]
[WhiteElo "2126"]
[BlackElo "2392"]

1.d4 d5 2.c4 c6 3.Nc3 Nf6 4.Nf3 e6 5.e3 Nbd7 6.Bd3 dxc4 7.Bxc4 b5 8.Bd3 Bb7
9.O-O a6 10.Qe2 c5 11.e4 cxd4 12.Nxd4 Qb8 13.Nb3 b4 14.Nb1 a5 15.N1d2 Bd6
16.Nf3 O-O 17.Rd1 Ng4 18.h3 Nge5 19.Nxe5 Nxe5 20.Bb5 Ng6 21.Nd4 Rc8 22.a4 Bh2+
23.Kh1 Bf4 24.f3 Qe5 25.Bxf4 Nxf4 26.Qf2 Qg5 27.Bf1 Nh5 28.g4 Nf6 29.Nb5 Qf4
30.Qe2 Ba6 31.Rd2 h5 32.Rad1 hxg4 33.hxg4 g5 34.Rd6 Kg7 35.Kg1 Rh8 36.Qf2 Nxg4
37.Qd4+ e5 38.Qd2 Ne3  0-1

[Event "MK Cafe Cup-B"]
[Site "Koszalin"]
[Date "1999.08.06"]
[Round "4"]
[White "Shneider, Aleksandr"]
[Black "Kuczynski, Robert"]
[Result "1-0"]
[WhiteElo "2551"]
[BlackElo "2450"]

1.d4 d5 2.Nf3 c6 3.c4 Nf6 4.Nc3 e6 5.e3 Nbd7 6.Qc2 b6 7.Bd3 Bb7 8.b3 Be7
9.O-O Qc7 10.Bb2 Rd8 11.Rac1 Qb8 12.Rfd1 h6 13.Qe2 O-O 14.Ne5 dxc4 15.bxc4 c5
16.f4 cxd4 17.exd4 Rfe8 18.Bc2 Qa8 19.a3 a6 20.Rf1 Nb8 21.Na4 b5 22.Nb6 Qa7
23.c5 Nc6 24.Qf2 Bf8 25.Bb1 Ne7 26.g4 Ne4 27.Qe2 f5 28.Ba2 Nd5 29.gxf5 Nxb6
30.c6 Nc4 31.Qxe4 Nxb2 32.fxe6 Nc4 33.Rfd1 Bc8 34.f5 Be7 35.Bxc4 bxc4 36.Rxc4 Bf6
37.c7 Rd6 38.Ng4 Bg5 39.h4 Be7 40.Kh2 Bb7 41.Qe5 Qb6 42.d5 Qb3 43.Rg1 Kh7
44.Rb4 Qc2+ 45.Rg2 Qxc7 46.f6 Bd8 47.Qe4+ Kh8 48.fxg7+ Qxg7 49.Ne5 Bxd5 50.Nf7+ Qxf7
51.exf7 Bxf7 52.Qf4 Rf6 53.Qg3 Rg8 54.Qe5 Re8 55.Qc3 Kh7 56.Rb7 Ree6 57.Qg3  1-0

[Event "Budapest FS08 IM"]
[Site "Budapest"]
[Date "1999.08.07"]
[Round "1"]
[White "Bottino, Alexei"]
[Black "Williams, Paul"]
[Result "1/2-1/2"]
[WhiteElo "2207"]
[BlackElo "2270"]

1.Nf3 d5 2.d4 e6 3.c4 c6 4.e3 Nf6 5.Nc3 Nbd7 6.Qc2 Bd6 7.Be2 O-O 8.O-O b6
9.b3 Qe7 10.Bb2 Bb7 11.Rfd1 Rfe8 12.cxd5 exd5 13.Rac1 Ne4 14.Nxe4 dxe4 15.Nd2 Rad8
16.Nc4  1/2-1/2